|
|
|
|
| LEADER |
00000nam0a2200000 4500 |
| 001 |
160606 |
| 005 |
20231031155618.0 |
| 010 |
|
|
|a 5702000714
|
| 020 |
|
|
|a RU
|b 92-8195
|
| 035 |
|
|
|a (RuTPU)RU\TPU\book\174176
|
| 090 |
|
|
|a 160606
|
| 100 |
|
|
|a 20090526d1992 m y0rusy5003 ca
|
| 101 |
0 |
|
|a rus
|
| 102 |
|
|
|a RU
|
| 105 |
|
|
|a y z 000zy
|
| 200 |
1 |
|
|a Поход за Вислу
|f М. Н. Тухачевский
|
| 210 |
|
|
|a Москва
|c Новости
|d 1992
|
| 215 |
|
|
|a 320 с.
|
| 225 |
1 |
|
|a Время. События. Люди
|
| 423 |
|
|
|t Война 1920 года
|f Ю. Пилсудский
|a Пилсудский, Юзеф
|
| 610 |
1 |
|
|a история
|
| 610 |
1 |
|
|a советско-польские отношения
|
| 686 |
|
|
|a Т3(2)712
|2 rubbk
|
| 700 |
|
1 |
|a Тухачевский
|b М. Н.
|g Михаил Николаевич
|4 070
|
| 801 |
|
0 |
|a RU
|b RuMRKP
|c 19950417
|g psbo
|
| 801 |
|
1 |
|a RU
|b 63413507
|c 20090526
|g PSBO
|
| 801 |
|
2 |
|a RU
|b 63413507
|c 20140211
|g PSBO
|
| 942 |
|
|
|c BK
|